000 00610nam a2200229 i 4500
001 C2-0098158
003 PPAK
005 20180727094331.0
008 970525s19 my a|||| ||||| | may d
020 _a9679751120
040 _aPPAK
_beng
_cPPAK
_erda
082 0 4 _a297.122
_223
090 0 0 _a297.122
_bTIG
_dK
245 0 0 _aTiga pemilik kebun
264 1 _aKuala Lumpur :
_bPustaka Salam ,
_c[19?]
300 _a16 pages :
_billustrations ;
_c26 cm
336 _2rdacontent
_atext
337 _2rdamedia
_aunmediated
338 _2rdacarrier
_avolume
650 1 0 _aKoran stories, Malay
942 _ddc
_cB
999 _c21690
_d21690